| 000 | 01254cam a2200361 a 4500 | ||
|---|---|---|---|
| 001 | 645566 | ||
| 003 | ARRUPE | ||
| 005 | 20160323121417.0 | ||
| 008 | 880502s1987 sw b 100 0 eng | ||
| 010 | _a 88183343 | ||
| 020 | _a9171062726 | ||
| 035 | _a(OCoLC)17977909 | ||
| 035 | _a(OCoLC)ocm17977909 | ||
| 035 | _a(CStRLIN)NYCG88-B31221 | ||
| 035 | _a(NNC)645566 | ||
| 040 | _cArrupe | ||
| 043 | _af------ | ||
| 050 | 0 |
_aHV640.4.A35 _bR429 1987 |
|
| 082 | 0 |
_a362.8/7/096 _219 |
|
| 090 |
_aHV640.4.A35 _bR429 1987 |
||
| 245 | 0 | 0 |
_aRefugees and development in Africa / _cedited by Peter Nobel. |
| 260 |
_aUppsala : _bScandinavian Institute of African Studies ; _aStockholm, Sweden : _bDistributed by Almqvist & Wiksell International, _c1987. |
||
| 300 |
_a121 p. ; _c23 cm. |
||
| 490 | 1 |
_aSeminar proceedings, _x0281-0018 ; _vno. 19 |
|
| 504 | _aIncludes bibliographies. | ||
| 650 | 0 |
_aRefugees _zAfrica _vCongresses. _923314 |
|
| 650 | 0 |
_aEconomic development _xSocial aspects _vCongresses. _923315 |
|
| 700 | 1 |
_aNobel, Peter, _d1931- _923316 |
|
| 710 | 2 |
_aNordiska Afrikainstitutet. _93174 |
|
| 830 | 0 |
_aSeminar proceedings from the Scandinavian Institute of African Studies ; _v19. _923317 |
|
| 942 |
_2lcc _cMONOGRAPH |
||
| 999 |
_c124472 _d124472 |
||